Wszystkie miasta A2,S2,DK2 - Statystyki

Ogólne statystyki
  • Ten quiz został rozwiązany 6 razy
  • Średni wynik to 17 z 22
Statystyki odpowiedzi
Województwo Liczba mieszkańców Odpowiedź % Poprawnych
Lubelskie 54 500 Biała Podlaska
100%
Lubelskie 15 400 Międzyrzec Podlaski
100%
Mazowieckie 39 800 Mińsk Mazowiecki
100%
Wielkopolskie 536 200 Poznań
100%
Mazowieckie 65 300 Pruszków
100%
Mazowieckie 74 800 Siedlce
100%
Łódzkie 3500 Stryków
100%
Lubelskie 5200 Terespol
100%
Mazowieckie 1 863 800 Warszawa
100%
Wielkopolskie 31 900 Września
100%
Wielkopolskie 32 800 Luboń
80%
Mazowieckie 30 800 Ożarów Mazowiecki
80%
Mazowieckie 23 000 Piastów
80%
Łódzkie 900 Bolimów
60%
Mazowieckie 12 600 Brwinów
60%
Mazowieckie 16 500 Milanówek
60%
Lubuskie 6400 Rzepin
60%
Mazowieckie 1300 Wiskitki
60%
Wielkopolskie 1900 Dąbie
40%
Łódzkie 18 300 Ozorków
40%
Łódzkie 900 Parzęczew
40%
Lubuskie 2500 Torzym
40%
Nie znaleziono quizów pasujących do podanych kryteriów
Rozkład punktacji
Procent ludzi z każdym wynikiem
Percentyl według liczby udzielonych odpowiedzi
Twoja historia wyników
Nie rozwiązałeś tego quizu